<?xml version="1.0" encoding="UTF-8"?>
<record
    xmlns:xsi="http://www.w3.org/2001/XMLSchema-instance"
    xsi:schemaLocation="http://www.loc.gov/MARC21/slim http://www.loc.gov/standards/marcxml/schema/MARC21slim.xsd"
    xmlns="http://www.loc.gov/MARC21/slim">

  <leader>02671nam a2200301 a 4500</leader>
  <controlfield tag="003">OSt</controlfield>
  <controlfield tag="005">20260209145414.0</controlfield>
  <controlfield tag="007">cr ||||||a|c|a</controlfield>
  <controlfield tag="008">240208s2019    mx a|||fom||| 001 0 spa d</controlfield>
  <datafield tag="040" ind1=" " ind2=" ">
    <subfield code="e">rda</subfield>
  </datafield>
  <datafield tag="100" ind1="1" ind2=" ">
    <subfield code="9">188669</subfield>
    <subfield code="a">Olaiz Gonz&#xE1;lez, Pablo Ren&#xE9;</subfield>
  </datafield>
  <datafield tag="245" ind1="1" ind2="0">
    <subfield code="a">Modelaci&#xF3;n del crecimiento de pollos de engorda criados en pastoreo /</subfield>
    <subfield code="c">por Pablo Ren&#xE9; Olaiz Gonz&#xE1;lez; director de tesis Fernando Gonz&#xE1;lez Cer&#xF3;n.</subfield>
  </datafield>
  <datafield tag="264" ind1=" " ind2="1">
    <subfield code="a">Chapingo, M&#xE9;xico :</subfield>
    <subfield code="b">El autor,</subfield>
    <subfield code="c">2019.</subfield>
  </datafield>
  <datafield tag="300" ind1=" " ind2=" ">
    <subfield code="a">1 recurso en l&#xED;nea (43 p&#xE1;ginas):</subfield>
    <subfield code="b">cuadros.</subfield>
  </datafield>
  <datafield tag="336" ind1=" " ind2=" ">
    <subfield code="2">rdacontent</subfield>
    <subfield code="a">texto</subfield>
    <subfield code="b">txt</subfield>
  </datafield>
  <datafield tag="337" ind1=" " ind2=" ">
    <subfield code="2">rdamedia</subfield>
    <subfield code="a">computadora</subfield>
    <subfield code="b">c</subfield>
  </datafield>
  <datafield tag="338" ind1=" " ind2=" ">
    <subfield code="2">rdacarrier</subfield>
    <subfield code="a">recurso en l&#xED;nea</subfield>
    <subfield code="b">cr</subfield>
  </datafield>
  <datafield tag="502" ind1=" " ind2=" ">
    <subfield code="b">IAEZ</subfield>
    <subfield code="c">Zootecn&#xED;a</subfield>
    <subfield code="d">2019.</subfield>
  </datafield>
  <datafield tag="504" ind1=" " ind2=" ">
    <subfield code="a">Incluye referencias bibliogr&#xE1;ficas: p&#xE1;ginas 36-43.</subfield>
  </datafield>
  <datafield tag="520" ind1=" " ind2=" ">
    <subfield code="a">El objetivo de este estudio fue ajustar modelos de crecimiento en pollos de engorda criados en pastoreo o confinamiento, mediante los modelos Gompertz, Log&#xED;stico y Richards. Ciento diez pollos de engorda mixtos Ross 308 se distribuyeron aleatoriamente en dos sistemas de crianza: pastoreo o confinamiento. Cada 7 d&#xED;as se pes&#xF3; a cada ave, hasta los 56 d&#xED;as de edad. Los modelos de crecimiento Gompertz, Log&#xED;stico y Richards fueron ajustados y comparados con base en tres criterios de bondad de ajuste; coeficiente de determinaci&#xF3;n, criterio de informaci&#xF3;n de Akaike y criterio de informaci&#xF3;n Bayesiano. Las tasas de crecimiento inicial (L) y exponencial (K) de los modelos Gompertz y Log&#xED;stico, respectivamente, fueron mayores en las aves en confinamiento (L&#xF03D;0.1232, K&#xF03D;0.0779 g/d) respecto a las criadas en pastoreo (L&#xF03D;0.0944, K&#xF03D;0.0657 g/d). El m&#xE1;ximo crecimiento relativo (K) del modelo Richards fue menor en pollos en confinamiento (0.0129 g/d) que en pastoreo (0.0153 g/d). Con los tres modelos, se estimaron mayores pesos asint&#xF3;ticos (WA) para los pollos en confinamiento (3,967.1 a 9,095.5 g) respecto a las aves en pastoreo (2,461.7 a 5,192.6 g). De acuerdo a los criterios considerados, el modelo Richards es el que tiene un mejor ajuste. En conclusi&#xF3;n, el crecimiento de pollos de engorda criados en confinamiento o pastoreo, puede describirse con los modelos Gompertz, Log&#xED;stico y Richards, sin embargo, este &#xFA;ltimo tiene un mejor ajuste.</subfield>
  </datafield>
  <datafield tag="650" ind1=" " ind2="4">
    <subfield code="9">188670</subfield>
    <subfield code="a">Pollos</subfield>
    <subfield code="x">Pastoreo</subfield>
  </datafield>
  <datafield tag="650" ind1=" " ind2="7">
    <subfield code="9">188671</subfield>
    <subfield code="a">Pollos</subfield>
    <subfield code="x">Alimentaci&#xF3;n</subfield>
    <subfield code="x">Modelos matem&#xE1;ticos</subfield>
  </datafield>
  <datafield tag="650" ind1=" " ind2="4">
    <subfield code="9">90269</subfield>
    <subfield code="a">Pollos de engorde</subfield>
  </datafield>
  <datafield tag="650" ind1=" " ind2="2">
    <subfield code="9">132626</subfield>
    <subfield code="a">Pollos</subfield>
    <subfield code="x">Cr&#xED;a</subfield>
  </datafield>
  <datafield tag="700" ind1="1" ind2=" ">
    <subfield code="9">48783</subfield>
    <subfield code="a">Gonz&#xE1;lez Cer&#xF3;n, Fernando</subfield>
    <subfield code="e">Director de tesis.</subfield>
  </datafield>
  <datafield tag="856" ind1=" " ind2=" ">
    <subfield code="u">http://10.13.5.2/tesis/tl/Olaiz_Gonzalez_Pablo_Rene.pdf</subfield>
    <subfield code="z">DESCARGAR PDF</subfield>
  </datafield>
  <datafield tag="942" ind1=" " ind2=" ">
    <subfield code="2">Clasificaci&#xF3;n Universidad Aut&#xF3;noma Chapingo</subfield>
    <subfield code="c">TD</subfield>
  </datafield>
  <datafield tag="999" ind1=" " ind2=" ">
    <subfield code="c">219655</subfield>
    <subfield code="d">219655</subfield>
  </datafield>
  <datafield tag="952" ind1=" " ind2=" ">
    <subfield code="0">0</subfield>
    <subfield code="1">0</subfield>
    <subfield code="2">local</subfield>
    <subfield code="4">0</subfield>
    <subfield code="5">1</subfield>
    <subfield code="7">0</subfield>
    <subfield code="8">TesDigL</subfield>
    <subfield code="a">BD</subfield>
    <subfield code="b">BD</subfield>
    <subfield code="c">E_L</subfield>
    <subfield code="d">2024-02-08</subfield>
    <subfield code="l">0</subfield>
    <subfield code="o">Tesis digital</subfield>
    <subfield code="r">2024-02-08 00:00:00</subfield>
    <subfield code="w">2024-02-08</subfield>
    <subfield code="y">TD</subfield>
  </datafield>
</record>
